Catálogo

EL CASO EJEMPLAR MEXICANO (Registro nro. 34933)

Detalles MARC
000 -LEADER
fixed length control field 00555nam a2200181 a 4500
001 - CONTROL NUMBER
control field 34933
005 - DATE AND TIME OF LATEST TRANSACTION
control field 20180714003147.0
008 - FIXED-LENGTH DATA ELEMENTS--GENERAL INFORMATION
fixed length control field 140415s1945 000 0 spa d
041 ## - LANGUAGE CODE
Language code of text/sound track or separate title spa
082 ## - DEWEY DECIMAL CLASSIFICATION NUMBER
Classification number 972.0622
Item number PAL
100 1# - MAIN ENTRY--PERSONAL NAME
Personal name PALOMAR Y VIZCARRA, MIGUEL
245 13 - TITLE STATEMENT
Title EL CASO EJEMPLAR MEXICANO
250 ## - EDITION STATEMENT
Edition statement 2a ed.
260 ## - PUBLICATION, DISTRIBUTION, ETC.
Place of publication, distribution, etc. [s.l.] :
Name of publisher, distributor, etc. JUS,
Date of publication, distribution, etc. 1945
300 ## - PHYSICAL DESCRIPTION
Extent 228
490 ## - SERIES STATEMENT
Series statement MEXICO HEROICO, 66
650 14 - SUBJECT ADDED ENTRY--TOPICAL TERM
Topical term or geographic name entry element GUERRA CRISTERA
General subdivision MEXICO
-- HISTORIA
-- REGIMEN CALLISTA, 1924
-- 1928
-- POLITICA Y RELIGION
-- MEXICO
-- HISTORIA
-- SIGLO XX
Existencias
Withdrawn status Lost status Source of classification or shelving scheme Damaged status Not for loan Collection code Home library Current library Shelving location Date acquired Source of acquisition Inventory number Total Checkouts Total Renewals Full call number Barcode Date last seen Date last checked out Price effective from Koha item type
    Dewey Decimal Classification     General Biblioteca Karol Wojtyla Biblioteca Karol Wojtyla Sala general 03/12/2013 Compra 151000000000000000037886 3 2 972.0622 PAL 52831 05/01/2026 31/10/2024 03/12/2013 Libro